Preparation, analysis and applications of rubber seed oil and its derivatives in surface coatings (Record no. 47427)

MARC details
000 -LEADER
fixed length control field 01228nam a2200157Ia 4500
100 ## - MAIN ENTRY--AUTHOR NAME
Personal name Aigbodion A I
245 #0 - TITLE STATEMENT
Title Preparation, analysis and applications of rubber seed oil and its derivatives in surface coatings
520 ## - SUMMARY, ETC.
Summary, etc Rubber seed oil(RSO) was used in the manufacture of alkyd resins (both solvent and waterborne) which were evaluated as binders in air-drying binder in surface coatings. Heating conferred drying ability on the crude RSO that was naturally semi-drying. The physicochemical properties of solvent-borne alkyds were shown to vary with oil length (OL) and they were optimum at 50;OL. Water-bone alkyds investigated showed that the sample with lower oil content contained lower volatile organic content. All the alkyd samples and heated RSO were fairly resistant to water and alkali, while they were virtually unaffected by acid abd salt solutions. The water-borne alkyds were, however, more resistant than their solvent-borne counterparts, but exhibited lower scratch/gouge pencil hardness.
650 ## - SUBJECT ADDED ENTRY--TOPICAL TERM
Topical Term Alkyd resins
650 ## - SUBJECT ADDED ENTRY--TOPICAL TERM
Topical Term Rubber seed oil
650 ## - SUBJECT ADDED ENTRY--TOPICAL TERM
Topical Term Surface coatings
650 ## - SUBJECT ADDED ENTRY--TOPICAL TERM
Topical Term Water resistance
700 ## - ADDED ENTRY--PERSONAL NAME
Personal name Pillai C K S
942 ## - ADDED ENTRY ELEMENTS (KOHA)
Koha item type Bibliography RLSE
Holdings
Withdrawn status Lost status Damaged status Not for loan Home library Current library Date acquired Koha item type
      Bibliography RRII Library RRII Library 31/12/2021 Bibliography RLSE